| 000 | 00546nam a2200193 a 4500 | ||
|---|---|---|---|
| 005 | 20210223123219.0 | ||
| 008 | 991125s1994 bar 000 0 spa u | ||
| 020 | _a8425418542 | ||
| 035 | _aUPN01000049407 | ||
| 049 | _aCG | ||
| 050 | 4 |
_aBL53 _bG7.68 |
|
| 100 | 1 | _aGrom, Bernhard | |
| 245 | 1 | 0 |
_aPsicología de la religión / _cBernhard Grom ; tr. Marciano Villanueva. |
| 260 |
_aBarcelona, Esp. : _bHerder, _c1994. |
||
| 300 | _a476 p. | ||
| 440 | 0 |
_aBiblioteca Herder ; _v198 |
|
| 650 | 4 |
_aPSICOLOGIA DE LA RELIGION _921912 |
|
| 905 | _aLibro | ||
| 999 |
_c49407 _d49407 |
||